| 000 | 00859nam a2200289 a 4500 | ||
|---|---|---|---|
| 001 | 701 | ||
| 003 | BR-CuiBMT | ||
| 005 | 20231113231913.0 | ||
| 008 | 231113s2010 dfb 001 0 por d | ||
| 020 | _a9788570183057 | ||
| 040 |
_aBR-CuiBMT _cBR-CuiBMT |
||
| 080 |
_22007 _a502.14 _x(094.5) |
||
| 090 |
_a502.14(094.5) _bB823c _c2. ed. |
||
| 110 | 1 |
_aBrasil. _bSenado Federal. _cBrasília. |
|
| 240 | _aCódigo Florestal (1965). | ||
| 245 |
_aCódigo florestal e legislação correlata / _cSenado Federal. |
||
| 250 | _a2. ed. | ||
| 260 |
_aBrasília: _bSenado Federal, _c2010. |
||
| 300 |
_a156 p. ; _c23 cm |
||
| 490 | 1 |
_aColeção ambiental _v4 |
|
| 500 | _aAtualizada até março/2010 | ||
| 504 | _ainclui índice. | ||
| 650 |
_aDireito ambiental _zBrasil |
||
| 650 |
_2Código florestal _y1965 _zBrasil |
||
| 830 |
_aAmbiental _v4 |
||
| 942 |
_2udc _cLV |
||
| 999 |
_c701 _d701 |
||